00554nam a22001937i 45000010005000000030004000050050017000090070003000260080041000290240014000700400008000842450044000922600012001364900044001486510011001921100036002038660038002398660083002777854OSt20170126082404.0tu161220s xxu||||| |||| 00| 0 d7 a78542RID cOSt00aStatistical Bulletin of employees rates aRussia. aStatistical Bulletin of employees rates aRussia2 aStatistical Committee of Russia 0u2005/Q2-2006/Q4 (unvollständig) 0u
vorhanden:
2005/Q2
2006/Q3, Q4
seit 2008 frei im Internet